000 00318nam a2200121Ia 4500
008 220120s9999||||xx |||||||||||||| ||und||
082 _a540 TAT
100 _aTata McGraw Hill
_911810
245 0 _aCourse in chemistry
260 _aTata mcgraw hill company Ltd
_c1995
300 _b0
650 _aSIGNAL PROCESSING
_9719
999 _c137287
_d137287